| 000 | 01194nam a22003497a 4500 | ||
|---|---|---|---|
| 003 | CHAP | ||
| 005 | 20220329135113.0 | ||
| 008 | 971013s1957 r 00010 d | ||
| 010 | _a30990 | ||
| 011 | _a31962 | ||
| 035 | _a36074 | ||
| 040 | _cCHAP | ||
| 082 |
_a595.7 _bL58 |
||
| 100 | 0 | 0 |
_aLittle, V. A. _967172 |
| 245 | _aGeneral and applied entomology | ||
| 260 |
_aNew York : _bHarper, _c1957 |
||
| 300 |
_a543 p. _b: ilus. |
||
| 590 |
_aBATCH-UPD _b10 _c20130109 _lUCH01 _h2341 |
||
| 590 |
_aBATCH-UPD _b10 _c20130110 _lUCH01 _h2105 |
||
| 590 |
_aBATCH-UPD _b10 _c20130409 _lUCH01 _h1910 |
||
| 590 |
_aBATCH-UPD _b10 _c20130410 _lUCH01 _h1417 |
||
| 590 |
_aBATCH-UPD _b10 _c20130914 _lUCH01 _h1311 |
||
| 590 |
_aCONVERSION _b10 _c20130109 _lUCH01 _h1318 |
||
| 650 | 1 | 4 |
_aEntomología económica. _937145 |
| 650 | 1 | 4 |
_aEntomología. _937113 |
| 901 | _aBK | ||
| 942 | _cLIBRO | ||
| 949 |
_a595.7 L58 _bBC _cLIBRO _d33724000349122 _eLIBRO _fc.4 _h27022 _i36074 _si |
||
| 949 |
_a595.7 L58 _bBC _cLIBRO _d33724000349130 _eLIBRO _fc.3 _h27266 _i36074 _si |
||
| 949 |
_a595.7 L58 _bBC _cLIBRO _d33724000349148 _eLIBRO _h27264 _i36074 _si |
||
| 949 |
_a595.7 L58 _bBC _cLIBRO _d33724000349171 _eLIBRO _fc.2 _h27265 _i36074 _si |
||
| 999 |
_c30990 _d30990 |
||